000 01620nam a22002897i 4500
003 EG-ScBUE
005 20240811133406.0
008 220731s2001 ua f b 000 0 ara d
020 _a9290212900
040 _aEG-ScBUE
_bara
_erda
_cEG-ScBUE
_dEG-ScBUE
082 0 4 _222
_a613.0433
_bع م ر
100 1 _aعمران، عبد الرحيم،
_d1925-
_eمؤلف.
245 1 2 _aالتثقيف الصحى للمراهقين :
_bمرشد للوالدين والمدرسين والعاملين الصحيين ووسائل الإعلام /
_cإعداد الدكتور عبد الرحيم عمران، أستاذ الصحة الدولية بجامعة جورج واشنطن وكبير المستشارين في شؤون السكان لجامعة الأزهر، الدكتورة غادة الحافظ، مديرة قسم حفظ الصحة وتعزيزها، منظمة الصحة العالمية المكتب الإقليمي لشرق المتوسط. .
264 1 _aالقاهرة :
_bمنظمة الصحة العالمية، المكتب الإقليمي للشرق الأوسط،
_c2001.
300 _a125 صفحة ؛
_c24 سم
336 _2rdacontent
_aنص
_btxt
337 _2rdamedia
_aبدون وسيط
_bn
338 _2rdacarrier
_aمجلد
_bnc
504 _aيشتمل على إرجاعات ببليوجرافية.
541 _cDonation ;
_aWHO
650 7 _2BUEsh
_aالمراهقون
_xتغذية.
650 7 _2BUEsh
_aالمراهقون
_xالسلوك الجنسي.
650 7 _2BUEsh
_aالمراهقون
_xأبحاث.
655 _vReading book
700 1 _aحافظ، غادة،
_eمؤلف.
942 _2ddc
999 _c30800
_d30771